Otazníky nad měnovou politikou kvantitativního uvolňování ECB

Súčasný a historický pohľad na používanie nástrojov menovej a emisnej politiky centrálnych bánk. Menová politika ECB a ziskovosť obchodných bánk. Názory na používanie jednotlivých nástrojov.

Saved in:
Bibliographic Details
Main Author: Mandel, Martin
Other Authors: Tomšík, Vladimír
Format: Book Chapter
Language:Czech
Subjects:
Tags: Add Tag
No Tags, Be the first to tag this record!

MARC

LEADER 00000naa$a2200000$$$4500
001 0158527
005 20231211082330.3
041 0 |a cze 
044 |a CZ 
245 1 0 |a Otazníky nad měnovou politikou kvantitativního uvolňování ECB  |c Martin Mandel, Vladimír Tomšík 
520 |a Súčasný a historický pohľad na používanie nástrojov menovej a emisnej politiky centrálnych bánk. Menová politika ECB a ziskovosť obchodných bánk. Názory na používanie jednotlivých nástrojov. 
610 2 0 |a banky 
610 2 0 |a banky centrálne 
610 2 0 |a banky obchodné 
610 2 0 |a nástroje politiky menovej 
610 2 0 |a politika menová 
610 2 0 |a emisia 
610 2 0 |a história 
610 2 0 |a Európska centrálna banka 
100 1 |a Mandel, Martin 
700 1 |a Tomšík, Vladimír